<?xml version="1.0" encoding="UTF-8"?>
<record
    xmlns:xsi="http://www.w3.org/2001/XMLSchema-instance"
    xsi:schemaLocation="http://www.loc.gov/MARC21/slim http://www.loc.gov/standards/marcxml/schema/MARC21slim.xsd"
    xmlns="http://www.loc.gov/MARC21/slim">

  <leader>00777    a2200229   4500</leader>
  <datafield tag="999" ind1=" " ind2=" ">
    <subfield code="c">5053</subfield>
    <subfield code="d">5053</subfield>
  </datafield>
  <controlfield tag="003">dpl</controlfield>
  <controlfield tag="005">20181127164120.0</controlfield>
  <controlfield tag="008">080904t        xxu||||| |||| 00| 0 eng d</controlfield>
  <datafield tag="010" ind1=" " ind2=" ">
    <subfield code="a">ENG-86706</subfield>
  </datafield>
  <datafield tag="020" ind1=" " ind2=" ">
    <subfield code="a">8187077042</subfield>
    <subfield code="c">220.00</subfield>
  </datafield>
  <datafield tag="035" ind1=" " ind2=" ">
    <subfield code="a">EN-70239,  B-166901, </subfield>
  </datafield>
  <datafield tag="035" ind1=" " ind2=" ">
    <subfield code="a">B-166903</subfield>
  </datafield>
  <datafield tag="037" ind1=" " ind2=" ">
    <subfield code="b">DBAD / PUB</subfield>
  </datafield>
  <datafield tag="040" ind1=" " ind2=" ">
    <subfield code="c">0</subfield>
  </datafield>
  <datafield tag="082" ind1=" " ind2=" ">
    <subfield code="a">133.6</subfield>
  </datafield>
  <datafield tag="100" ind1=" " ind2=" ">
    <subfield code="a">De-Saint-Germain, C.</subfield>
  </datafield>
  <datafield tag="245" ind1=" " ind2=" ">
    <subfield code="a">The study of palmistry for professional purposes</subfield>
    <subfield code="c">by C. De-Saint-Germain</subfield>
    <subfield code="b">a complete palmistic dictionary</subfield>
  </datafield>
  <datafield tag="260" ind1=" " ind2=" ">
    <subfield code="a">New Delhi</subfield>
    <subfield code="b">Ajay Book Service</subfield>
    <subfield code="c">2006</subfield>
  </datafield>
  <datafield tag="270" ind1=" " ind2=" ">
    <subfield code="a">4215/1 (Basement), Ansari Road, Darya Ganj,</subfield>
    <subfield code="b">New Delhi</subfield>
    <subfield code="e">110 002</subfield>
    <subfield code="k">23287655</subfield>
    <subfield code="m">asagarbh@yahoo.com</subfield>
  </datafield>
  <datafield tag="300" ind1=" " ind2=" ">
    <subfield code="a">490p.</subfield>
    <subfield code="c">23cm (pbk)</subfield>
    <subfield code="b">ill.</subfield>
  </datafield>
  <datafield tag="942" ind1=" " ind2=" ">
    <subfield code="a">dpl</subfield>
    <subfield code="c">EN</subfield>
    <subfield code="k">133.6 / DES</subfield>
    <subfield code="2">ddc</subfield>
    <subfield code="h">133.6</subfield>
    <subfield code="m">DES</subfield>
  </datafield>
  <datafield tag="952" ind1=" " ind2=" ">
    <subfield code="0">0</subfield>
    <subfield code="1">0</subfield>
    <subfield code="4">0</subfield>
    <subfield code="7">1</subfield>
    <subfield code="8">NFIC</subfield>
    <subfield code="a">DBAD</subfield>
    <subfield code="b">DBAD</subfield>
    <subfield code="d">2008-09-04</subfield>
    <subfield code="g">220.00</subfield>
    <subfield code="l">0</subfield>
    <subfield code="o">133.6 DES</subfield>
    <subfield code="p">EN-70239</subfield>
    <subfield code="r">2008-09-15 00:00:00</subfield>
    <subfield code="t">220.00</subfield>
    <subfield code="u">5363</subfield>
    <subfield code="v">10.00</subfield>
    <subfield code="w">2008-09-15</subfield>
    <subfield code="y">EN</subfield>
  </datafield>
  <datafield tag="952" ind1=" " ind2=" ">
    <subfield code="0">0</subfield>
    <subfield code="1">0</subfield>
    <subfield code="2">ddc</subfield>
    <subfield code="4">0</subfield>
    <subfield code="7">0</subfield>
    <subfield code="8">NFIC</subfield>
    <subfield code="a">BL4</subfield>
    <subfield code="b">BL4</subfield>
    <subfield code="d">2018-08-20</subfield>
    <subfield code="e">BPPD/PUB</subfield>
    <subfield code="g">0.00</subfield>
    <subfield code="l">2</subfield>
    <subfield code="o">133.6 DES</subfield>
    <subfield code="p">B-166901</subfield>
    <subfield code="r">2019-05-11 00:00:00</subfield>
    <subfield code="s">2019-05-10</subfield>
    <subfield code="v">0.00</subfield>
    <subfield code="w">2018-08-20</subfield>
    <subfield code="y">EN</subfield>
  </datafield>
</record>
